Statistics for Fast Food Chain by Slogan

Click here to take the quiz!

General Stats

  • This quiz has been taken 42 times
  • The average score is 5 of 6

Answer Stats

SloganChain% Correct
I'm Lovin' ItMcDonald's
100%
Finger Lickin' GoodKentucky Fried Chicken
97%
___, We Have The Meats!Arby's
92%
Have it Your WayBurger King
87%
Eat FreshSubway
84%
Better Ingredients,
Better Pizza
Papa Johns
82%

Score Distribution

Percentile by Number Answered

Percent of People with Each Score

Your Score History

You have not taken this quiz